[Event "ROM-ch U12"]
[Site "Calimanesti"]
[Date "2018.04.01"]
[Round "7"]
[White "Alexandrou, Andreas Stefan"]
[Black "Busuioc, Stelian Marian"]
[Result "0-1"]
[WhiteElo "1166"]
[BlackElo "1575"]
[PlyCount "124"]
[EventDate "2018.03.27"]
[EventType "swiss"]
[EventRounds "9"]
[EventCountry "ROU"]
[SourceTitle "CBM 183 Extra"]
[Source "ChessBase"]
[SourceDate "2018.04.19"]
[SourceVersion "1"]
[SourceVersionDate "2018.04.19"]
[SourceQuality "1"]

1. e4 e5 2. Nf3 Nc6 3. Bb5 a6 4. Ba4 Nf6 5. 0-0 d6 6. Re1 Be7 7. d3 0-0 8. Be3 Bg4 9. Nbd2 h6 10. h3 Bh5 11. a3 b5 12. Bb3 d5 13. exd5 Nxd5 14. Qe2 Re8 15. c3 Kh8 16. Rac1 f5 17. Nf1 e4 18. dxe4 fxe4 19. Ne5 Bxe2 20. Nf7+ Kh7 21. Nxd8 Raxd8 22. Rxe2 Nf6 23. Ng3 Bd6 24. Nf5 Be5 25. g3 Na5 26. Bc2 Nc4 27. Bb1 Rd5 28. Nh4 Red8 29. Kh2 g5 30. Nf3 Kg7 31. Nxe5 Nxe5 32. Kg2 Nd3 33. Rh1 c5 34. g4 Re8 35. Kg3 Nd7 36. h4 Kg6 37. h5+ Kg7 38. Ba2 Rd6 39. Rd2 Rf8 40. Rhd1 c4 41. Bd4+ Kh7 42. Rf1 Rf3+ 43. Kh2 Nf6 44. Rg1 Nd5 45. Rg3 Rf7 46. Re2 Re6 47. Kg1 Nc1 48. Re1 Nxa2 49. Ra1 Nf4 50. Re3 Nxc3 51. Bxc3 Nd5 52. Rg3 Nxc3 53. Rxc3 Rf4 54. Rg3 Rd6 55. Rg2 Rd2 56. Rb1 Rf3 57. Kf1 Rb3 58. Ke1 Rdxb2 59. Rxb2 Rxb2 60. Rg3 Rb3 61. Rxb3 cxb3 62. Kd2 a5 0-1

[Event "ROM-ch U12"]
[Site "Calimanesti"]
[Date "2018.03.29"]
[Round "4"]
[White "Dorodici, Martin Alexandru"]
[Black "Alexandrou, Andreas Stefan"]
[Result "0-1"]
[WhiteElo "1005"]
[BlackElo "1166"]
[PlyCount "126"]
[EventDate "2018.03.27"]
[EventType "swiss"]
[EventRounds "9"]
[EventCountry "ROU"]
[SourceTitle "CBM 183 Extra"]
[Source "ChessBase"]
[SourceDate "2018.04.19"]
[SourceVersion "1"]
[SourceVersionDate "2018.04.19"]
[SourceQuality "1"]

1. e4 e5 2. Nf3 Nc6 3. Nc3 Bc5 4. Nxe5 Bxf2+ 5. Kxf2 Nxe5 6. d4 Ng6 7. Be2 Qf6+ 8. Kg1 N8e7 9. h3 b6 10. Kh2 Bb7 11. Bc4 Qd6+ 12. e5 Qc6 13. d5 Qxc4 14. Bd2 Bxd5 15. b3 Qc6 16. Rg1 0-0-0 17. Qf1 Nxe5 18. Qa6+ Qb7 19. Qb5 c6 20. Qe2 Qc7 21. Bf4 f6 22. Rge1 Bf7 23. Bxe5 fxe5 24. Qxe5 Qxe5+ 25. Rxe5 Nd5 26. Ne4 Kc7 27. Ng5 Bg6 28. Rae1 Rhf8 29. c4 Nb4 30. Re7 Nxa2 31. Ne6+ Kd6 32. Nxf8 Rxf8 33. Rxg7 Bc2 34. Re2 Bxb3 35. Rd2+ Kc5 36. Rdxd7 Bxc4 37. Rxh7 Rf2 38. Rxa7 b5 39. Kg3 Rd2 40. h4 b4 41. Ra5+ Kd4 42. Rg7 Kc3 43. h5 b3 44. Rb7 b2 45. h6 Bd3 46. Rxa2 b1Q 47. Rxb1 Bxb1 48. Ra3+ Kb4 49. Ra7 Bd3 50. Kf4 Rxg2 51. Rc7 c5 52. Ke3 Kc4 53. Rd7 Re2+ 54. Kf4 Kc3 55. Kg5 c4 56. Kf6 Kc2 57. Kg7 c3 58. Kg8 Re3 59. Rxd3 Kxd3 60. h7 Rh3 61. h8B Rxh8+ 62. Kxh8 c2 63. Kg7 c1Q 0-1